Skip to content
Inicio
Centros participantes
Catálogo
Servicios
Contacto
Login
English
Deutsch
Español
Français
Italiano
日本語
Nederlands
Português
Português (Brasil)
中文(简体)
中文(繁體)
Türkçe
עברית
Gaeilge
Cymraeg
Ελληνικά
Català
Euskara
Русский
Čeština
Suomi
Svenska
polski
Dansk
slovenščina
اللغة العربية
বাংলা
Galego
Tiếng Việt
Hrvatski
हिंदी
Հայերէն
Українська
Sámegiella
Language
All Fields
Title
Author
Subject
Call Number
ISBN/ISSN
Tag
Find
Advanced
Empleo rural, Estado y polític...
Cite this
Email this
Print
Export Record
Export to RefWorks
Export to EndNoteWeb
Export to EndNote
Save to List
Permanent link
Add first rating
Empleo rural, Estado y políticas públicas en Honduras /
Saved in:
Bibliographic Details
Main Author:
Aguilar, Reinelda
Corporate Authors:
CSUCA
,
UNAH
Other Authors:
Vigil, Carlos Reyes Gómez, Melba
Format:
Text
Published:
San José:
CSUCA
Tags:
Add Tag
No Tags, Be the first to tag this record!
Holdings
Description
Comments
Similar Items
Staff View
MARC
LEADER
00000 a a2200000 04500
001
20318
003
040
090
|a
084400
100
|a
Aguilar, Reinelda
110
|a
CSUCA
245
|a
Empleo rural, Estado y políticas públicas en Honduras /
|c
CSUCA
260
|a
San José:
|b
CSUCA
300
|a
172 p.
700
|a
Vigil, Carlos
|a
Reyes Gómez, Melba
710
|a
UNAH
999
|c
11978
|d
11978
Similar Items
Empleo rural, estado y políticas públicas en Honduras /
by: Aguilar, Reinelda
La participación del Banco Centroamericano de Integración Económica en el desarrollo del sector agropecuario de Centroamérica: Estado actual y nueva dirección para el futuro
Genocidio y migraciones recientes en Centroamérica
by: Ulloa Royo, Frank
Datos para la historia del sindicalismo y del movimiento obrero en Guatemala
by: Solórzano, Alfonso
Síntesis del desarrollo del movimiento sindical en el sector salud de Costa Rica
by: Valverde Abarca, José Gerardo